| 000 | 01011cab a2200217 4500 | ||
|---|---|---|---|
| 001 | ##L135341 | ||
| 008 | 061016n2006 000 0 eng u | ||
| 035 | _a(Sirsi) u135341 | ||
| 041 | 0 | _aeng | |
| 100 | 1 | _aJones, Peter | |
| 245 | 0 | 0 | _aCorporate social responsibility and the UK construction industry |
| 260 | 3 |
_aLondon _bEmerald Group _c2006 |
|
| 490 | 0 |
_aJournal of Corporate Real Estate _v8(3)2006, 134-150(17) |
|
| 520 | _aOffers a preliminary exploration of the Corporate Social Responsibility (CSR) issues being addressed and reported by some of the UK's leading construction companies. Begins with a short discussion of the characteristics and origins of CSR and follows with a brief outline of the construction industry and some of the challenges it is currently facing. | ||
| 590 | _aIKA311006 | ||
| 651 | 4 |
_aUnited Kingdom _y |
|
| 690 | _aMANAGEMENT-BUSINESS MANAGEMENT-BUSINESS ETHICS-CORPORATE SOCIAL RESPONSIBILITY | ||
| 700 | 2 | _aComfort, Daphne | |
| 700 | 2 | _aHillier, David | |
| 942 | _n0 | ||
| 999 |
_c77872 _d77872 |
||